000 00518cam a22001934a 4500
005 20250605164310.0
008 250528s ||||||||||||||||||||||||d
035 _a22439
020 _a9789602092910
040 _aGR-AtMCL
_bgre
_dGR-AtMCL
_eAACR2
245 1 _aΟ ΚΟΣΜΟΣ ΤΗΣ ΠΛΗΡΟΦΟΡΙΚΗΣ
250 _a1
260 _bΚλειδάριθμος,
_c1996
300 _a232
700 1 _aΖωγοπουλος Αθ. Ευσταθιος
_98266
942 _cBK
999 _c7491
_d7491